Omenuko (Record no. 2777)

MARC details
000 -LEADER
fixed length control field 00312nam a22001337a 4500
008 - FIXED-LENGTH DATA ELEMENTS--GENERAL INFORMATION
fixed length control field 250327b |||||||| |||| 00| 0 eng d
020 ## - INTERNATIONAL STANDARD BOOK NUMBER
ISBN NIL
100 ## - MAIN ENTRY--AUTHOR
Author IKEKEONWU, I. Clara
245 ## - TITLE STATEMENT
Title Omenuko
260 ## - PUBLICATION, DISTRIBUTION, ETC. (IMPRINT)
Place of publication Nsukka
Name of publisher Bemolad Int. Company
Date of publication 1988
300 ## - COLLATION
Pagination iil, 102p.
942 ## - ADDED ENTRY ELEMENTS (KOHA)
Item type Books
050 ## - LIBRARY OF CONGRESS CALL NUMBER
Classification number PL8821
Item number .I34
Holdings
Source of classification or shelving scheme Not for loan Permanent location Current location Date acquired Accession No. Full call number Barcode. Koha item type
Library of Congress Classification   Samuel Ogbemudia Main Library, University of Abuja Samuel Ogbemudia Main Library, University of Abuja 03/27/2025 99/018969 PL8821.I34 2025-1076 Books
Library of Congress Classification   Samuel Ogbemudia Main Library, University of Abuja Samuel Ogbemudia Main Library, University of Abuja 03/27/2025 99/018969 PL8821.I34 2025-1077 Books
Library of Congress Classification   Samuel Ogbemudia Main Library, University of Abuja Samuel Ogbemudia Main Library, University of Abuja 03/27/2025 99/018969 PL8821.I34 2025-1078 Books